Statistiken für Allgemeinwissen - Einfach #2

Klicken Sie hier um das Quiz zu spielen!

Allgemein

  • Dieses Quiz wurde 39.491 mal gespielt
    (37.845 seit der letzten Aktualisierung)
  • Das Durchschnittsergebnis liegt bei 13 aus 20

Antwortstatistiken

FrageAntwort% Korrekt
Wie heißt die Hauptstadt der Vereinigten Staaten von Amerika?Washington DC
94%
Was ist das höchste Bauwerk in Paris?Eiffelturm
92%
Welche drei Länder werden für gewöhnlich zu Skandinavien gezählt?Norwegen
90%
Welche drei Länder werden für gewöhnlich zu Skandinavien gezählt?Schweden
90%
Welche drei Länder werden für gewöhnlich zu Skandinavien gezählt?Dänemark
84%
Wie lautet das spanische Wort für "Hallo"?Hola
83%
Welcher berühmte General hieß mit Nachnamen Bonaparte?Napoleon
79%
Wie heißt der längste Fluss Südamerikas?Amazonas
73%
Von wem stammen die Harry Potter-Bücher?J. K. Rowling
72%
Welche deutsche Stadt ist als Sitz des VW-Stammwerkes bekannt?Wolfsburg
71%
Wie heißt die größte Stadt Chinas mit Anfangsbuchstaben S?Shanghai
70%
Wen heiratete Angelina Jolie 2014 (mittlerweile geschieden)?Brad Pitt
69%
Die Einwohner welches Landes werden auch als "Kiwis" bezeichnet?Neuseeland
61%
In welchem Film spielen Michael "Bully" Herbig und Christian Tramitz einen Indianer und dessen weißen Blutsbruder?Der Schuh des Manitu
56%
Welches ist der größte US-Bundesstaat nach Fläche?Alaska
49%
Was ist das am meisten verwendete Wort der englischen Sprache?The
48%
Wer nahm die Songs "Tiny Dancer", "Crocodile Rock" und "Rocket Man" auf?Elton John
44%
Welchen Namen trug der römische Kriegsgott?Mars
41%
Welcher österreichische Thronfolger wurde 1914 in Sarajevo ermordet?Franz Ferdinand
32%
Welcher ehemalige irakische Staatspräsident wurde 2006 hingerichtet?Saddam Hussein
31%

Verteilung der Resultate

Perzentil nach korrekt beantworteten Fragen

Anzahl Personen mit jedem Resultat

Ihre Resultats-Entwicklung

Sie haben dieses Quiz seit der letzten Aktualisierung nicht gespielt